| 000 | 00679cam a2200181 a 4500 | ||
|---|---|---|---|
| 020 | _a0844254800 | ||
| 040 | _cDLC | ||
| 082 | 0 | 0 | _a808 NAT 1992 A087 Or. |
| 245 | 0 | 0 |
_aWorld literature : _ban anthology of great short stories, drama, and poetry / |
| 260 |
_aLincolnwood, Ill., USA : _bNational Textbook Co., _cc1992. |
||
| 300 |
_axi, 884 p. : _bill. ; _c24 cm. |
||
| 500 | _aIncluded with each selection are an introduction, questions for analyzing content and technique, and writing assignments. | ||
| 500 | _aIncludes index. | ||
| 650 | 0 | _aLiterature | |
| 700 | 1 | _aRosenberg, Donna. | |
| 856 | 4 | 2 | _uhttp://www.loc.gov/catdir/enhancements/fy0737/91060324-b.html |
| 942 | _cEK | ||
| 999 |
_c14323 _d14323 |
||